MARC

LEADER 00000nam0a2200000 4500
001 308257
005 20231102002057.0
020 |a RU  |b 81-67224 
035 |a (RuTPU)RU\TPU\book\333566 
090 |a 308257 
100 |a 20151029d1981 e y0rusy5003 ca 
101 0 |a rus 
102 |a RU 
105 |a a j 000zy 
200 1 |a Молекула, жизнь, организм  |e книга для внеклассного чтения, 8-10 кл.  |f Е. С. Чухрай 
210 |a Москва  |c Просвещение  |d 1981 
215 |a 160 с.  |c ил. 
225 1 |a Мир знаний 
606 1 |a Молекулярная биология  |2 stltpush  |3 (RuTPU)RU\TPU\subj\70459  |9 84719 
610 1 |a клетка 
610 1 |a молекулярные компоненты 
610 1 |a биополимеры 
610 1 |a ферменты 
610 1 |a метаболизм 
610 1 |a липиды 
610 1 |a структура 
610 1 |a свойства 
610 1 |a фотосинтез 
610 1 |a химические процессы 
610 1 |a самостоятельное изучение 
610 1 |a учебные пособия 
675 |a 577.2(075.4)  |v 4 
700 1 |a Чухрай  |b Е. С.  |g Елена Семеновна 
801 0 |a RU  |b RuMRKP  |c 19950704  |g psbo 
801 1 |a RU  |b 63413507  |c 20151029 
801 2 |a RU  |b 63413507  |c 20171013  |g RCR 
942 |c BK